Países com IDH baixo - Statistics

Estatísticas Gerais
  • Esse quiz foi jogado 78 vezes
  • A pontuação média é 25 de 32
Estatísticas das Respostas
# Países IDH % Correto
188 Niger 0,400
91%
184 Moçambique 0,446
90%
178 República Democrática do Congo 0,479
88%
174 Etiópia 0,498
87%
181 Guiné 0,465
87%
163 Nigéria 0,535
87%
171 Sudão 0,508
87%
167 Lesoto 0,514
85%
190 Sudão do Sul 0,385
85%
166 Uganda 0,525
84%
186 Burundi 0,426
82%
175 Eritréia 0,492
82%
176 Guiné Bissau 0,483
82%
164 Ruanda 0,534
82%
189 Chade 0,394
81%
185 Mali 0,428
81%
173 Gâmbia 0,500
79%
169 Senegal 0,511
78%
180 Serra Leoa 0,477
78%
161 Togo 0,539
78%
187 República Centro Africana 0,404
76%
170 Djibouti 0,509
75%
162 Haiti 0,535
75%
172 Madagascar 0,501
75%
168 Malawi 0,512
75%
159 Tanzânia 0,549
75%
165 Benim 0,525
73%
177 Libéria 0,481
73%
183 Burkina Faso 0,449
72%
179 Afeganistão 0,478
61%
160 Paquistão 0,544
43%
182 Iêmen 0,455
39%
Nenhum quiz correspondente encontrado
Distribuição das Pontuações
Porcentagem de Pessoas com Cada Pontuação
Percentil de Números Respondidos
Sua Pontuação Histórica
Você não jogou esse quiz